000 00809nam0a22002651 4500
001 RU\NLR\INFOCOMM16\ROSSICA\1000470075
005 20250613185429.0
035 _a(NLR Aleph) 009887194
090 _a10501248
_c10501248
100 _a20030714d1900 |||y0rusy50 ca
101 0 _afre
102 _aRU
105 _ay ||||000ay
200 1 _aZones verticales des sols.Zones agricoles.Sols du Caucase
_eExposition Universelle de 1900 à Paris
_fDokoutschaeff, B.
210 _aSt.Pétersbourg
_d1900
215 _d
700 1 _9z01790
_aDokučaev
_bV.V.
_f1846-1903
_gVasilij Vasil'jevič
_4070
790 1 _9z01700
_aDokoutschaeff
_bB.
_4070
801 1 _aRU
_bInfoComm
_c20030714
801 0 _aRU
_bNLR
_gPSBO
852 _aNLR
_j12.44.3.193
942 _cBOOK
980 _aNB
980 _aRossica